000 00873 a2200229 4500
999 _c11146
_d11146
020 _a9788123924168
050 0 0 _aRD32.45
_bSHE 2014
245 1 0 _aManipal Manual Of surgery /
_cedited by K Rajgopal Shenoy and Anitha Shenoy (Nileshwar)
250 _afourth edition
264 _aNew Delhi :
_bCBS Publishers and Distributers,
_cc.2014
300 _a1193 pages.
_bcoloured illustrations
336 _2rdacontent
_atext
_btxt
337 _2rdamedia
_aunmediated
_bn
338 _2rdacarrier
_avolume
_bnc
500 _aIncludes index. accompanied by a C.D
650 0 _aSurgery, Operative
650 1 2 _aSurgical Procedures, Operative
700 1 _aShenoy,Rajgopal K
_eeditor
700 1 _aShenoy,Anitha (Nileshwar)
_eeditor
942 _2lcc
_cBK
_h32.45
_iSHE
_kKTZ